[Event "Ekaterinburg Scerbin Memorial"]
[Site "Ekaterinburg"]
[Date "2024.01.13"]
[Round "1"]
[White "Shimanov, Aleksandr"]
[Black "Mishenko, Roman"]
[Result "1-0"]
[WhiteElo "2578"]
[BlackElo "1313"]
[PlyCount "65"]
[EventDate "2024.01.13"]
[EventType "swiss (rapid)"]
[EventRounds "11"]
[EventCountry "RUS"]
[SourceTitle "CB03_2024"]
[SourceDate "2024.01.17"]
[SourceVersion "1"]
[SourceVersionDate "2024.01.17"]
[SourceQuality "1"]

1. g3 d5 2. Nf3 Nf6 3. Bg2 c6 4. c4 g6 5. b3 Bg7 6. Bb2 0-0 7. 0-0 dxc4 8. bxc4 Qb6 9. Qc2 Bf5 10. d3 Nbd7 11. Nbd2 Rfd8 12. a4 Qc7 13. a5 e5 14. Bc3 Re8 15. Qb2 Re7 16. h3 h5 17. e4 Be6 18. Nxe5 Nxe5 19. Bxe5 Nxe4 20. Bxg7 Nxd2 21. Bh8 f6 22. Qxd2 Kxh8 23. Qh6+ Rh7 24. Qxg6 Rf8 25. Rfe1 Qd7 26. Be4 f5 27. Bxc6 bxc6 28. Rxe6 Qxd3 29. Rae1 Qd4 30. Re8 Qc5 31. R1e5 Qb4 32. c5 Qb1+ 33. Kh2 1-0